Radio and the school a guide-book for teachers and administrators
Guardat en:
| Autor principal: | |
|---|---|
| Format: | Llibre |
| Idioma: | anglès |
| Publicat: |
World Book Company
1945
|
| Etiquetes: |
Afegir etiqueta
Sense etiquetes, Sigues el primer a etiquetar aquest registre!
|
MARC
| LEADER | 00000nam a22000007a 4500 | ||
|---|---|---|---|
| 008 | 210121b ||||| |||| 00| 0 eng d | ||
| 100 | |a WOELFEL, Norman. | ||
| 245 | |a Radio and the school |b a guide-book for teachers and administrators |c edited by Norman Woelfel and I. Keith Tylor | ||
| 250 | |c WOELFEL N. and TYLOR K. I. | ||
| 260 | |b World Book Company |c 1945 |h New York |i 181047 |l LB1044.5 .W82 | ||
| 942 | |a lcc |c BK |e Adeyeye Y. S. |f 21/01/21 | ||
| 952 | |0 0 |1 0 |2 lcc |4 0 |6 LB10445 W82 |7 0 |9 1389 |a HOL |b HOL |c LP |d 2021-01-21 |l 0 |o LB1044.5 .W82 |p 2021-0193 |r 2021-01-21 00:00:00 |w 2021-01-21 |y BK | ||
| 999 | |c 726 |d 726 | ||